000
00267nam a22001097a 4500
082
_a
332.4222 CHE
100
_a
Chevalier, Michael
245
_a
On the problem in the value of gold
260
_a
London
_b
Greenwood press,
_c
1968
300
_a
211p.
_b
21cm.
942
_c
BK
999
_c
14940
_d
14940